Biblical Characters - Sudden Death - Statistics

General Stats
  • This quiz has been taken 820 times
    812 since last reset
  • The average score is 10 of 15
Answers on the Grid
Answers color-coded by a green-red scale on the quiz's grid according to % correct below.
Adam
Akhenaten
Bartholomew
Boudicca
Cleopatra
Copernicus
Dante
David
Euclid
Giorgio Rasputin
Ham
Herod the Great
Irene of Athens
Ishmael
Jezebel
Judas Iscariot
Mansa Musa
Martha
Methuselah
Moses
Nebuchadnezzar II
Plato
Pontius Pilate
Queen Esther
Raphael
Richard III
Shakira
Thomas Cromwell
Xenophon
Zacchaeus the Tax Collector
 
Answer Stats
Answer % Correct
Adam
97%
David
84%
Moses
80%
Judas Iscariot
79%
Jezebel
69%
Pontius Pilate
69%
Bartholomew
67%
Ishmael
66%
Herod the Great
64%
Methuselah
60%
Zacchaeus the Tax Collector
60%
Nebuchadnezzar II
53%
Martha
49%
Queen Esther
49%
Ham
47%
No matching quizzes found
Score Distribution
Percent of People with Each Score
Percentile by Number Answered
Your Score History
You have not taken this quiz since the last reset